000 01786nam a2200409 c 4500
003 BLK
005 20250417135548.0
008 180408b bul|||||r ||||||| ||bul||
010 _aKNG00081712000
020 _a978-954-383-006-0
_bиздат.: АСКОНИ-ИЗДАТ
040 _aBLK
041 _aBUL
_cBUL
080 _aМетоди и форми на обучение. Вж и 371.64/.69
_b371.3
_x
_z371.3
080 _aИзпити. Ценз. Състезания, конкурси
_b371.27
_x
_z371.27
100 1 _aГерджикова, Нина Димитрова
_eпърви автор
_9272791
139 _aГерджикова, Нина Димитрова
_bГ 38
245 1 0 _aПровеждане и диагностика на обучението в класната стая
_cНина Димитрова Герджикова.
257 _aBGR
260 София
_bАСКОНИ-ИЗДАТ
_c2007
300 _a258 с.
_bс табл.
_c20 см
380 _a3
500 _aОфс. изд. - Библиогр. след отд. гл.
504 _aслед отд. гл.
650 4 _aОбучение - методи и форми
_9268175
650 4 _aУчебен процес - в училищата - методология
_9272683
650 4 _aУчебно-възпитателна работа
_9246003
650 4 _aУченици - проверка и оценка на знанията
_9250126
653 _aобучение
653 _aни
653 _aучебно-възпитателна работа
852 _aЦб 238565
856 4 _qpdf
_u
856 4 _qpdf
_u
942 _cKNG
_n0
_09
944 _aCR
_c22.02.2008
_k30542
_lРусанова Ирена
944 _aED
_c10.11.2017
_kВиолета_Тройчева
999 _c77260
_d77260